000 01717nam a2200337 a 4500
001 BRCA_3172
005 20190320204139.0
008 130209s1746----gw-a---###---#000-0ddut-u
041 _adut
044 _agw
084 _a474
_b.H67
_c1746
100 1 _aCervantes Saavedra, Miguel de
_d1547-1616
_9213
245 1 0 _aDe Voornaamste Gevallen van der Wonderlyken Don Quichot
_cMiguel de Cervantes Saavedra.
260 _aHage (Alemania)
_bPieter de Hondt
_c1746
300 _a1 v. (en varias paginaciones)
_bil.
_c42 cm.
500 _aContenido : Primera parte. Vida de Cervantes por Jacob Campo. Láminas con el texto explicativo. Texto. Segunda parte. Texto
500 _aEdición : Door den Beroemden Picart den Romein. En Andere Voornaame Meesters, in XXXI Kunstplaten, na de Uitmuntende Schilderyen van Coypel. In´t Koper Gebragt. Beschreeven op Een´vryen en Vrolyken Trant, Door Jacob Campo Weyerman; en Door den Zelfden met Gedichten ter Verklaaring van Iedere Kunstprint
500 _aEjemplar igual al LO-473, pero de menor tamaño. Piel; lomera y cubiertas decoradas con dorados Lúdovik Osterc
500 _aQM569
546 _aTexto en : holandés
650 1 4 _aNovela española
_yÉpoca clásica, 1500-1700
_9215
650 1 4 _aLiteratura española
_yÉpoca clásica, 1500-1700
_9216
650 1 4 _aNovela española
_ySiglo XVII
_9217
650 1 4 _aDon Quijote (Personaje ficticio)
_eNovela
_9218
700 1 _aPicart Le Romain, Bernard
_d1673-1733
_eIlustrador
_98537
700 1 _aCampo Weyerman, Jacobo
_d1677-1747
_eTraductor
_98538
700 1 _aCoypel, Charles-Antone
_d1694-1752
_eIlustrador
_98539
740 0 _aEl Ingenioso Hidalgo Don Quijote de la Mancha
902 _aQFM
942 _2lcc
_cB
999 _c2908
_d2908